000 00910nam a22003017a 4500
001 BR7400108
003 BR-BrBNA
005 20230928084457.0
007 ta
008 230509b bl.||||| |||| 00| 0 por d
040 _aBR-BrBNA
_bpor
_cBiblioteca Nacional de Agricultura
041 _a(Por)
072 _aF10; F00; F22
_b2120
_b/G514
090 _ 2120 BR7400108
100 1 _aHolzmann, M.
110 1 _aUniversidade Federal do Parana, Curitiba (Brasil). Escola de Agronomia e Veterinaria
_911081
245 1 _aConvenio Escola de Agronomia e Veterinaria e Instituto Brasileiro do cafe [temperatura, solo, cafeicultura]
_bProjeto no. 4
260 3 _aCuritiba, PR (Brasil):
_c1964.
300 _a27 p.
500 _a16 illus.
650 _aCAFE
650 _aSOLO
650 _aCLIMA
650 _aTEMPERATURA
650 _aSOMBREAMENTO
909 _a202309
_bLucia
_c55
_dLucia Elande
942 _cBK
999 _c19224
_d19224